Deutsche Meister im Feldhockey der Herren - Statistiken

Allgemein
  • Dieses Quiz wurde 43 mal gespielt
  • Das Durchschnittsergebnis liegt bei 10 aus 23
Antwortstatistiken
Antwort % Korrekt
Mannheimer HC
86%
Rot-Weiss Köln
86%
Uhlenhorst Mülheim
86%
Der Club an der Alster
78%
Harvestehuder THC
78%
Berliner HC
76%
Crefelder HTC
54%
HTC Stuttgarter Kickers
46%
Schwarz-Weiß Köln
41%
Dürkheimer HC
38%
Gladbacher HTC
38%
TG Frankenthal
38%
Limburger HC
35%
Rüsselsheimer RK
32%
Berliner SC
24%
HC Heidelberg
24%
Klipper THC Hamburg
22%
SC Frankfurt 1880
22%
Club Raffelberg
19%
Berliner SV 92
11%
TSV Sachsenhausen 1857
11%
SC Brandenburg
5%
LSV Hamburg
0%
Keine übereinstimmenden Quizze gefunden
Verteilung der Resultate
Anzahl Personen mit jedem Resultat
Perzentil nach korrekt beantworteten Fragen
Ihre Resultats-Entwicklung
Sie haben dieses Quiz noch nicht gespielt